| 000 | 00364nam a2200133Ia 4500 | ||
|---|---|---|---|
| 999 |
_c10868 _d10868 |
||
| 008 | 191201s2011 xx 000 0 und d | ||
| 100 | _aAGGARWAL, Vir Bala | ||
| 245 | 0 | _aMedia and Society: Challenges and Opportunities | |
| 250 | _a1st | ||
| 260 |
_aNew Delhi _bConcept Pub _c2002 |
||
| 300 | _a168 | ||
| 650 | _aBachelor of Mass Communication | ||
| 942 |
_2ddc _cBK |
||